LILLEYS FRACTURES OF THE MIDDLE 3RD FS (Record no. 4190)

MARC details
000 -LEADER
fixed length control field 00359nam a2200145Ia 4500
008 - FIXED-LENGTH DATA ELEMENTS--GENERAL INFORMATION
fixed length control field 150201s1992 xx 000 0 und d
082 ## - DEWEY DECIMAL CLASSIFICATION NUMBER
Classification number 617.525
Item number K1992B
100 ## - MAIN ENTRY--PERSONAL NAME
Personal name BANKS
245 ## - TITLE STATEMENT
Title LILLEYS FRACTURES OF THE MIDDLE 3RD FS
250 ## - EDITION STATEMENT
Edition statement 5TH
260 ## - PUBLICATION, DISTRIBUTION, ETC. (IMPRINT)
Name of publisher, distributor, etc. WRIGHT PUBLICATION
Place of publication, distribution, etc. OXFORD
Date of publication, distribution, etc. 1992
300 ## - PHYSICAL DESCRIPTION
Extent 1-118
650 ## - SUBJECT ADDED ENTRY--TOPICAL TERM
Topical term or geographic name as entry element ORAL SURGERY
942 ## - ADDED ENTRY ELEMENTS (KOHA)
Source of classification or shelving scheme Dewey Decimal Classification
Koha item type Books
Holdings
Withdrawn status Lost status Source of classification or shelving scheme Damaged status Not for loan Home library Current library Date acquired Source of acquisition Cost, normal purchase price Serial Enumeration / chronology SGTU Bill Number Total Checkouts Full call number Barcode Date last seen Date last checked out Bill Date Koha item type
    Dewey Decimal Classification     SGT Dental Library SGT Dental Library 07/01/2009 U.B.S.DELHI 195.00 1 SGTU 711 1 617.525 K1992B FD5667 15/04/2019 16/07/2018 14/02/2013 Books